000
00325nam a2200133Ia 4500
008
190722s9999 xx 000 0 und d
020
_a
978-0-470-16969-8
100
_a
Jack M.Kaplan
245
0
_a
Patterns of Entrepreneurship Management
250
_a
3rd
260
_a
USA
_b
John Wiley
_c
2010
300
_a
418
942
_c
BK
999
_c
966
_d
966